El sabio instruido de la naturaleza, en quarenta maximas, politicas, y morales, ilustradas con todo genero de erudicion sacra, y humana / por el R. P. Francisco Garau, de la Compañia de Jesus, cathedratico de prima de theologia escolastica en el Colegio de Barcelona

Detalles Bibliográficos
Autor principal: Garau, Francisco, 1640-1701
Formato: Libro
Lenguaje:Spanish
Publicado: s.l. : s.n.,] 17--.
Materias:
Colección:Banco de datos
Acervo:Fondo Bibliográfico Antiguo de Libros eclesiásticos de la Universidad de Ciencias y Artes de Chiapas
Descripción Física:453 p., [47] h. ; 4°
Tema general:Filosofía
Notas:Falta portada. Título tomado de la cabecera de título y del registro 887 de la Biblioteca de la Universidad de Guanajuato. Texto a renglón seguido con apostillas marginales. Incluye cabecera de título en grabado xilográfico. Incluye capitular floreada en grabado xilográfico. Falta encuadernación. Marca de fuego: Colegio de la Compañía de Jesús de la ciudad Real, (hoy San Cristóbal de la Casas, Chiapas). Inscripción manuscrita en el canto superior: "Suares". Daños de humedad y polilla
LEADER 01383nam a22001810004500
035 |a 759 
041 0 |a spa 
100 1 |a Garau, Francisco, 1640-1701 
245 1 0 |a El sabio instruido de la naturaleza, en quarenta maximas, politicas, y morales, ilustradas con todo genero de erudicion sacra, y humana / por el R. P. Francisco Garau, de la Compañia de Jesus, cathedratico de prima de theologia escolastica en el Colegio de Barcelona 
260 |a s.l. : s.n.,] 17--. 
300 |a 453 p., [47] h. ; 4° 
500 |a Falta portada. Título tomado de la cabecera de título y del registro 887 de la Biblioteca de la Universidad de Guanajuato. Texto a renglón seguido con apostillas marginales. Incluye cabecera de título en grabado xilográfico. Incluye capitular floreada en grabado xilográfico. Falta encuadernación. Marca de fuego: Colegio de la Compañía de Jesús de la ciudad Real, (hoy San Cristóbal de la Casas, Chiapas). Inscripción manuscrita en el canto superior: "Suares". Daños de humedad y polilla  
504 |a Al final de la obra está Index biblicus, Indice evangelico e Indice de las materias, y assuntos predicables 
650 1 0 |a Filosofía 
949 |a UNICACH, Colección de Libros Eclesiásticos: 912 
942 |c CHIAECLE 
943 |g Fondo Bibliográfico Antiguo de Libros eclesiásticos de la Universidad de Ciencias y Artes de Chiapas 
999 |c 1101832  |d 1101832